1530 1382 1585 1794 1628 1117 1110 1276 1883 1857 1215 1552 1198 1208 1702 1839 1588 1519 1632 1864 1609 1300 1336 1794 1890 1316 1373 1653 1855 1609 1456 1788 1669 1217 1619 1561 1060 1948 1436 1615 1392 1431 1799 1336 1944 1210 1394 1443 1304 1363 1741 1152 1784 1198 1841 1546 1744 1999 1060 1196 1280 1403 1404 1736 1508 1632 1023 1050 1884 1028 1061 1958 1551 1348 1290 1615 1952 1244 1866 1064 1079 1622 1481 1911 1922 1089 1513 1789 1002 1676 1682 1863 1310 1990 1086 1549 1750 1269 1844 BCNSPRNW ULIB Ver.6.0+V

เปลี่ยนเป็นภาษาไทย

Change to English
 แสดงรายละเอียดบรรณานุกรม
  กลับหน้าหลัก

Brief Record : Get Marc (ISO 2709) : E-mail record : QR code < ปิดหน้าต่าง
LEADER : 00000nam 2200000uu 4500
001    13399115130
003     ULIB
008    120711s2551||||th 000 0 tha d
020    ^a9789740508601
050  4 ^aBF637.S8^bอ598ด ล.4
100 0  ^aอาจอง ชุมสาย ณ อยุธยา
245 10 ^aด้วยรักบันดาล...นิทานสีขาว เล่ม 4 /^cเล่าเรื่องโดย อาจอง ชุมสาย ณ อยุธยา ;สุพัตรา แซ่ลิ่ม เรียบเรียง ;[บรรณาธิการ อิศวเรศ ตโมนุท]
250    ^aพิมพ์ครั้งที่ 1
260    ^aกรุงเทพฯ :^bฟรีมายด์,^c2551
300    ^a191 หน้า :^bภาพประกอบ
650  4 ^aนิทานสอนใจ
650  4 ^aการดำเนินชีวิต
650  4 ^aความสำเร็จ
650  4 ^aนิทานคติธรรม
700 0  ^aสุพัตรา แซ่ลิ่ม
700 0  ^aอิศวเรศ ตโมนุท,^eบรรณาธิการ
945    ^p185^l0^i14980
995    ^aกัณชพร
999    ^aใช้งานได้ทุกระบบ
รายการนี้ยังไม่มีแท็ก
คุณยังไม่ได้ล็อกอิน คุณสามารถมีกิจกรรมร่วมกับเว็บไซต์ได้ แต่ต้องล็อกอินก่อน ::
  ล็อกอิน

รายการสื่อสารสนเทศ

ลำดับที่ ประเภท เลขเรียก/บาร์โค้ด สถานที่ สถานะ
- ไม่พบข้อมูล -

รายการใกล้เคียง
    ผู้แต่ง [อาจอง ชุมสาย ณ อยุธยา]

    หัวเรื่อง [นิทานสอนใจ]
    หัวเรื่อง [การดำเนินชีวิต]
    หัวเรื่อง [ความสำเร็จ]
    หัวเรื่อง [นิทานคติธรรม]

BibComment


ยังไม่เคยถูกคอมเมนท์

คอมเมนท์ทรัพยากรรายการนี้
  คอมเมนท์: ด้วยรักบันดาลนิท..


 Copyright 2026. Bcnsprnw @Library